000 00579nam a22002052 4500
001 0000005376
005 20151217154352.0
008 070612s xx 000 0 eng d
020 _a1843341085 :
_cKES 5,600
040 _aKABU
_cKABU
050 0 _aZ711.2
_b.P69
100 1 _aPoyner, Ann.
_@0000156660
245 1 0 _aEnabling end-users :
_binformation skills training.
260 _aOxford :
_bChandos,
_c2005.
300 _axi, 147 p.
650 0 _aLibrary research.
_@0000156661
908 _a070612
950 _@1
999 _c10835
_d10835